=LDR 00000nam 2200000 4500 =001 INLIS000000000006427 =005 20220613015736 =035 ##$$a 0010-0622000288 =245 1#$$a DMZ : $b After Decades as a symbol of the Korean ceasefire, the DMZ is setting the stage for a new era of peace. /$c MONTHLY MAGAZINE =100 1#$$a MAGAZINE, Monthly =250 ##$$a MAJALAH 2018 =300 ##$$a 56 halaman : $b Tabel, Gambar ; $c 22,5x27 cm =260 ##$:$b National Instute of Korean Language,$c 2018 =082 ##$$a 050.57 =084 ##$$a 050.57 MAG d =990 ##$$a 17/MJ-18